Nobelova cena za ekonómiu jubiluje

Genéza vzniku a udeľovania Nobelovej ceny. Nobelova cena za ekonómiu - jej nositelia a zdôvodnenie konkrétnych prínosov. Rámcová klasifikácia doterajších príspevkov nositeľov Nobelovej ceny za ekonómiu.

Gespeichert in:
Bibliographische Detailangaben
1. Verfasser: Petrík, Borislav
Format: Buchkapitel
Sprache:Slowakisch
Schlagworte:
Tags: Tag hinzufügen
Keine Tags, Fügen Sie das erste Tag hinzu!

MARC

LEADER 00000naa$a2200000$$$4500
001 0026811
005 20231102102843.5
041 0 |a slo 
044 |a SK 
245 1 0 |a Nobelova cena za ekonómiu jubiluje  |c Borislav Petrík 
520 |a Genéza vzniku a udeľovania Nobelovej ceny. Nobelova cena za ekonómiu - jej nositelia a zdôvodnenie konkrétnych prínosov. Rámcová klasifikácia doterajších príspevkov nositeľov Nobelovej ceny za ekonómiu. 
610 2 0 |a Nobelova cena 
610 2 0 |a ekonómia 
610 2 0 |a teórie ekonomické 
610 2 0 |a história 
100 1 |a Petrík, Borislav